<?xml version="1.0" encoding="UTF-8"?>
<collection xmlns="http://www.loc.gov/MARC21/slim">
 <record>
  <leader>01165pam a22002418a 4500</leader>
  <controlfield tag="001">00020936</controlfield>
  <controlfield tag="005">20171026081022.0</controlfield>
  <controlfield tag="008">110520s1984                  ||||||Viesd</controlfield>
  <datafield tag="041" ind1="0" ind2="#">
   <subfield code="a">Vie</subfield>
  </datafield>
  <datafield tag="082" ind1="1" ind2="4">
   <subfield code="a">895.922 400 1</subfield>
   <subfield code="b">TH460V</subfield>
  </datafield>
  <datafield tag="100" ind1="0" ind2="#">
   <subfield code="a">Nguyễn Đình Chú</subfield>
  </datafield>
  <datafield tag="245" ind1="0" ind2="0">
   <subfield code="c">Nguyễn Đình Chú, Lê Mai</subfield>
   <subfield code="a">Thơ văn Trần Tế Xương</subfield>
   <subfield code="b">Sách dùng trong các trường Cao đẳng sư phạm</subfield>
  </datafield>
  <datafield tag="260" ind1="#" ind2="#">
   <subfield code="a">H.</subfield>
   <subfield code="b">Giáo dục</subfield>
   <subfield code="c">1984</subfield>
  </datafield>
  <datafield tag="300" ind1="#" ind2="#">
   <subfield code="a">164 tr.</subfield>
   <subfield code="c">21 cm.</subfield>
  </datafield>
  <datafield tag="653" ind1="#" ind2="#">
   <subfield code="a">Thơ văn</subfield>
  </datafield>
  <datafield tag="653" ind1="#" ind2="#">
   <subfield code="a">Trần Tế Xương</subfield>
  </datafield>
  <datafield tag="653" ind1="#" ind2="#">
   <subfield code="a">Tiểu luận</subfield>
  </datafield>
  <datafield tag="852" ind1="#" ind2="#">
   <subfield code="b">Kho giáo trình</subfield>
   <subfield code="j">KGT.0021786, KGT.0021787, KGT.0021788, KGT.0021789, KGT.0021790, KGT.0021791, KGT.0021792, KGT.0021793, KGT.0021794, KGT.0021795, KGT.0021796, KGT.0037802</subfield>
  </datafield>
  <datafield tag="852" ind1="#" ind2="#">
   <subfield code="b">Kho mượn</subfield>
   <subfield code="j">KM.0009241</subfield>
  </datafield>
  <datafield tag="852" ind1="#" ind2="#">
   <subfield code="j">KD.0006377</subfield>
   <subfield code="j">KGT.0021787</subfield>
   <subfield code="j">KGT.0021788</subfield>
   <subfield code="j">KGT.0021790</subfield>
   <subfield code="j">KGT.0021791</subfield>
   <subfield code="j">KGT.0021793</subfield>
   <subfield code="j">KGT.0021794</subfield>
   <subfield code="j">KGT.0021796</subfield>
   <subfield code="j">KM.0009241</subfield>
   <subfield code="j">KGT.0037802</subfield>
   <subfield code="j">KGT.0021786</subfield>
   <subfield code="j">KGT.0021789</subfield>
   <subfield code="j">KGT.0021792</subfield>
   <subfield code="j">KGT.0021795</subfield>
  </datafield>
  <datafield tag="852" ind1="#" ind2="#">
   <subfield code="b">Kho đọc</subfield>
   <subfield code="j">KD.0006377</subfield>
  </datafield>
  <datafield tag="910" ind1="0" ind2="#">
   <subfield code="a">Thư</subfield>
   <subfield code="d">20/05/2011</subfield>
  </datafield>
  <datafield tag="980" ind1="#" ind2="#">
   <subfield code="a">Trung tâm Học liệu Lê Vũ Hùng, Trường Đại học Đồng Tháp</subfield>
  </datafield>
 </record>
</collection>
